000 00305nam a2200109Ia 4500
008 240521s1985 xx 000 0 und d
041 _aeng
100 _aKULKARNI.S.B,AGNIHOTRI.A.D.,GAJENDRAGADKAR.S.K.
245 _aELEMENTS OF CIVIL ENGINEERING
260 _bVIJAYA MADHAV AADKAR
_c1985
300 _a109
999 _c1163562
_d1163562